Quiz MHSC - trouve le joueur sur l'image - niveau amateur (2020-2025) - Statistiques

Statistiques générales
  • Ce quiz a été pris 58 fois
  • Le résultat moyen est 16 sur 20
Statistiques - réponses
Par images Réponse % Correct
Bertaud
94%
Tamari
94%
Mollet
91%
Nordin
91%
Sacko
91%
Jullien
88%
Omlin
88%
Cozza
86%
Mavididi
86%
Rulli
86%
Adams
85%
Kouyaté
84%
Congré
83%
Sylla
83%
Fayad
82%
Tchato
82%
Sagnan
79%
Leroy
77%
Omeragic
77%
Maouassa
75%
Coulibaly
73%
Sainte-Luce
72%
Delaye
63%
Mendes
61%
Souquet
60%
Sambia
48%
Nzingoula
40%
Aucun quiz correspondant
Distribution des résultats
% des personnes avec chaque résultat
Percentile par nombre de réponses
Votre historique - résultats
Vous n’avez pas pris ce quiz